000 00297nam a22001337a 4500
008 180928b xxu||||| |||| 00| 0 eng d
020 _a9780894344732
041 _aeng
080 _a621
100 _a28
101 _aMEK
245 _aCareers in Focus Engineering
_cMorkes, A
942 _2udc
_cBK
999 _c48645
_d48645